[Event "14th Africa-ch"]
[Site "Livingstone ZAM"]
[Date "2018.05.16"]
[Round "5.8"]
[White "Zhemba, Jemusse"]
[Black "Bwalya, Gillan"]
[Result "0-1"]
[WhiteElo "2123"]
[BlackElo "2271"]
[EventDate "2018.05.13"]
[PlyCount "101"]

1.d4 Nf6 2.c4 e6 3.g3 d5 4.Bg2 dxc4 5.Nf3 c5 6.O-O Nc6 7.dxc5 Qxd1 8.Rxd1 
Bxc5 9.Nbd2 Ng4 10.Ne4 Be7 11.h3 Nf6 12.Ned2 c3 13.bxc3 Bd7 14.Nb3 Rc8 15.
c4 b6 16.a4 Bb4 17.Bb2 Ke7 18.Rd3 Rhd8 19.Ne1 Na5 20.Nc2 Nxb3 21.Rxb3 Ba5 
22.Ne3 Bc6 23.Ba3+ Ke8 24.Bb4 Bxb4 25.Rxb4 Bxg2 26.Kxg2 Rd2 27.a5 Nd7 28.
axb6 axb6 29.Kf1 Rc7 30.Ke1 Rd4 31.Ra8+ Ke7 32.f4 g6 33.Rb2 h5 34.h4 Kd6 
35.Kf2 Kc6 36.Rd8 Ra7 37.Rc8+ Kd6 38.Rd8 Ke7 39.Rc8 Rd6 40.Nf1 Nc5 41.Rb8 
Rb7 42.Ra8 Rc7 43.Ke3 Nd7 44.Nd2 e5 45.Rb5 exf4+ 46.gxf4 Nf6 47.Ra2 Rcd7 
48.Rbb2 Ng4+ 49.Kf3 Nf6 50.Ne4 Rc6 51.Ra6 0-1

[Event "14th Africa-ch"]
[Site "Livingstone ZAM"]
[Date "2018.05.16"]
[Round "5.9"]
[White "Kandangwe, Joster"]
[Black "Oatlhotse, Providence"]
[Result "0-1"]
[WhiteElo "1925"]
[BlackElo "2196"]
[EventDate "2018.05.13"]
[PlyCount "62"]

1.e4 e5 2.Nf3 Nc6 3.d4 exd4 4.Bc4 Bc5 5.O-O Nf6 6.e5 d5 7.exf6 dxc4 8.Re1+
Kf8 9.Bg5 gxf6 10.Bh6+ Kg8 11.Nbd2 Bf8 12.Bf4 Be6 13.Nh4 Ne5 14.Ne4 Ng6 
15.Bxc7 Qxc7 16.Nxf6+ Kg7 17.Nh5+ Kh6 18.Ng3 Qc5 19.Nhf5+ Bxf5 20.Qh5+ Kg7
21.Qg5 Rg8 22.Nxf5+ Kh8 23.Re4 d3 24.cxd3 cxd3 25.h4 d2 26.Rd1 Qc2 27.Rxd2
Qxe4 28.Qf6+ Bg7 29.Nxg7 Qe1+ 30.Kh2 Qe5+ 31.Qxe5 Nxe5 0-1

[Event "14th Africa-ch"]
[Site "Livingstone ZAM"]
[Date "2018.05.16"]
[Round "5.10"]
[White "Khetho, Phemelo"]
[Black "Beukes, Dante M."]
[Result "1/2-1/2"]
[WhiteElo "2153"]
[BlackElo "1979"]
[EventDate "2018.05.13"]
[PlyCount "54"]

1.e4 c5 2.Nc3 Nc6 3.g3 g6 4.Bg2 Bg7 5.d3 e6 6.f4 d6 7.Nf3 Nge7 8.O-O O-O 
9.Be3 b6 10.Qd2 Bb7 11.Rab1 Qd7 12.a3 f5 13.Bf2 Rac8 14.Rfe1 Nd4 15.Nh4 
Rfe8 16.Nd1 Qa4 17.b3 Qxa3 18.Ne3 Nb5 19.e5 Bxg2 20.c4 Nd4 21.Nexg2 dxe5 
22.Bxd4 cxd4 23.fxe5 Nc6 24.Nf3 a5 25.Nf4 Qe7 26.h4 Qd7 27.Qf2 Qd8 1/2-1/2

[Event "14th Africa-ch"]
[Site "Livingstone ZAM"]
[Date "2018.05.16"]
[Round "5.11"]
[White "Domingos, Catarino"]
[Black "Chiona, Richard"]
[Result "1-0"]
[WhiteElo "2281"]
[BlackElo "1900"]
[EventDate "2018.05.13"]
[PlyCount "33"]

1.e4 d6 2.d4 Nf6 3.Nc3 g6 4.f4 Bg7 5.Nf3 O-O 6.Bd3 Na6 7.O-O Bg4 8.Qe1 Nb4
9.Qh4 Nxd3 10.cxd3 Bxf3 11.Rxf3 Nh5 12.g4 Bxd4+ 13.Kh1 Bf6 14.Qh3 Ng7 15.
Qh6 Qd7 16.f5 gxf5 17.Rh3 1-0

[Event "14th Africa-ch"]
[Site "Livingstone ZAM"]
[Date "2018.05.16"]
[Round "5.12"]
[White "Manuel, Alberto"]
[Black "Chumfwa, Kelvin"]
[Result "1-0"]
[WhiteElo "2133"]
[BlackElo "2279"]
[EventDate "2018.05.13"]
[PlyCount "57"]

1.e4 e5 2.Nf3 Nc6 3.Bb5 a6 4.Ba4 Nf6 5.d3 b5 6.Bb3 Be7 7.a4 b4 8.a5 d6 9.
Nbd2 O-O 10.h3 Be6 11.O-O Bxb3 12.Nxb3 Nb8 13.d4 Nbd7 14.Re1 c5 15.dxe5 
dxe5 16.Nbd2 Qc7 17.Nc4 Rfe8 18.Bg5 Rad8 19.Qe2 Nh5 20.g3 Bxg5 21.Nxg5 
Nhf6 22.Rad1 Nb8 23.Nb6 h6 24.Nf3 Nfd7 25.Nd5 Qb7 26.Nh4 Nc6 27.Qg4 Kh7 
28.Nf5 g6 29.Nd6 1-0

[Event "14th Africa-ch"]
[Site "Livingstone ZAM"]
[Date "2018.05.16"]
[Round "5.13"]
[White "Aderito, Pedro"]
[Black "Nshikokola, Mutailenu"]
[Result "1/2-1/2"]
[WhiteElo "2305"]
[BlackElo "1896"]
[EventDate "2018.05.13"]
[PlyCount "118"]

1.Nf3 d5 2.g3 Nf6 3.Bg2 e6 4.O-O Bd6 5.d4 O-O 6.c4 c5 7.cxd5 exd5 8.Nc3 
Nc6 9.Bg5 cxd4 10.Nxd5 Be7 11.Nxe7+ Qxe7 12.Nxd4 Qe5 13.Be3 Bd7 14.Nxc6 
Bxc6 15.Bxc6 bxc6 16.Bd4 Qe6 17.Qc2 Ng4 18.Rfd1 Rfe8 19.e3 h5 20.Qc5 h4 
21.Qg5 Ne5 22.Bxe5 Qxe5 23.Qxh4 Qxb2 24.Qa4 Red8 25.Qxc6 Rac8 26.Qa6 Rxd1+
27.Rxd1 Rc2 28.Qa5 g6 29.Rd8+ Kg7 30.Qxa7 Rxf2 31.Qd4+ Qxd4 32.Rxd4 Rxa2 
33.Rf4 Re2 34.Rf3 f5 35.h4 Kh6 36.Kf1 Ra2 37.Rf2 Ra4 38.Kg2 Re4 39.Kf3 Kh5
40.Rd2 Ra4 41.Rd8 Kh6 42.Re8 Rb4 43.Rh8+ Kg7 44.Rd8 Kh6 45.Rd4 Rb1 46.g4 
Rf1+ 47.Kg2 Re1 48.Kf2 Rh1 49.gxf5 gxf5 50.Rd6+ Kh5 51.Rf6 Rxh4 52.Rxf5+ 
Kg6 53.Rf8 Rh7 54.Ke2 Rf7 55.Rxf7 Kxf7 56.Kd3 Ke7 57.Kd4 Kd6 58.Ke4 Ke6 
59.Kf4 Kf6 1/2-1/2

[Event "14th Africa-ch"]
[Site "Livingstone ZAM"]
[Date "2018.05.16"]
[Round "5.14"]
[White "Pillay, Ragul"]
[Black "Hoareau, Benjamin"]
[Result "1/2-1/2"]
[WhiteElo "1366"]
[BlackElo "1805"]
[EventDate "2018.05.13"]
[PlyCount "62"]

1.e4 g6 2.d4 Bg7 3.Nf3 d6 4.Nc3 Nf6 5.Bc4 O-O 6.O-O c6 7.Be3 b5 8.Bb3 b4 
9.Ne2 Nxe4 10.Ng5 Nxg5 11.Bxg5 Re8 12.Qd2 Ba6 13.Rfe1 Qb6 14.Rad1 Bxe2 15.
Rxe2 e6 16.a3 a5 17.a4 d5 18.Bh6 Bh8 19.Qf4 c5 20.Rd3 c4 21.Rf3 Ra7 22.Ba2
Qxd4 23.Qxd4 Bxd4 24.c3 Bh8 25.Be3 Rb7 26.Bc5 b3 27.Bb1 Nd7 28.Be3 Nb6 29.
Bxb6 Rxb6 30.Rfe3 Rbb8 31.Kf1 Bg7 1/2-1/2

[Event "14th Africa-ch"]
[Site "Livingstone ZAM"]
[Date "2018.05.16"]
[Round "5.15"]
[White "Eichab, Charles"]
[Black "Kolomwe, William"]
[Result "1-0"]
[WhiteElo "2029"]
[BlackElo "1538"]
[EventDate "2018.05.13"]
[PlyCount "67"]

1.c4 b6 2.Nf3 Bb7 3.b3 Nf6 4.Bb2 e6 5.e3 Be7 6.Be2 c5 7.O-O d5 8.cxd5 exd5
9.d4 Nbd7 10.Ne5 Nxe5 11.dxe5 Nd7 12.f4 O-O 13.Bf3 Ba6 14.Rf2 Qc7 15.Nc3 
Bb7 16.Nxd5 Bxd5 17.Bxd5 Rad8 18.Qg4 b5 19.Rc1 Nb6 20.Be4 Rfe8 21.e6 g6 
22.exf7+ Kxf7 23.f5 Rg8 24.fxg6+ Ke8 25.gxh7 Rxg4 26.h8=Q+ Kd7 27.Qh3 Rg8 
28.Bf5+ Kc6 29.Bxg4 Kb7 30.Rf7 Ka6 31.Bf3 Qd8 32.Rd1 Bd6 33.Qh7 Nc8 34.
Rxa7+ 1-0

[Event "14th Africa-ch"]
[Site "Livingstone ZAM"]
[Date "2018.05.18"]
[Round "6.1"]
[White "Amin, Bassem"]
[Black "Kayonde, Andrew"]
[Result "1-0"]
[WhiteElo "2667"]
[BlackElo "2394"]
[EventDate "2018.05.13"]
[PlyCount "95"]

1.e4 c6 2.d4 d5 3.e5 Bf5 4.Nf3 e6 5.Be2 Nd7 6.O-O Ne7 7.Nbd2 Nc8 8.a4 Be7 
9.Nb3 O-O 10.a5 a6 11.Be3 Na7 12.Nfd2 c5 13.g4 Bg6 14.f4 c4 15.Nc1 f6 16.
exf6 Nxf6 17.c3 Nc6 18.b4 Na7 19.g5 Ne4 20.Nxe4 Bxe4 21.Bh5 Nb5 22.Ne2 Bd3
23.Bd2 Bd6 24.Qe1 g6 25.Bg4 Qd7 26.Rf2 Rae8 27.Ng3 Rf7 28.Qe3 Nc7 29.Re1 
Bf5 30.Bd1 Ref8 31.Nxf5 exf5 32.Rfe2 Re8 33.Qxe8+ Nxe8 34.Rxe8+ Kg7 35.Bf3
Be7 36.Ra8 Bf8 37.Ree8 Qa4 38.Bxd5 Qd1+ 39.Be1 Rd7 40.Bxc4 Qc1 41.h4 h5 
42.Kg2 Rc7 43.Bd5 Rxc3 44.Bxc3 Qxc3 45.Rad8 Qd2+ 46.Kg3 Qc3+ 47.Bf3 Qxb4 
48.Rd7+ 1-0

[Event "14th Africa-ch"]
[Site "Livingstone ZAM"]
[Date "2018.05.18"]
[Round "6.2"]
[White "Chitumbo, Mwali"]
[Black "Adly, Ahmed"]
[Result "1/2-1/2"]
[WhiteElo "2322"]
[BlackElo "2633"]
[EventDate "2018.05.13"]
[PlyCount "61"]

1.c4 c6 2.g3 d5 3.Bg2 Nf6 4.Nf3 g6 5.b3 Bg7 6.Bb2 O-O 7.O-O a5 8.a3 Bg4 9.
d3 Bxf3 10.Bxf3 d4 11.Nd2 Na6 12.b4 e5 13.b5 Nb8 14.a4 Qc7 15.bxc6 bxc6 
16.Ba3 Re8 17.Rb1 Na6 18.c5 Bf8 19.Qc2 Nd5 20.Bxd5 cxd5 21.Rb5 Re6 22.Rfb1
Qd8 23.Nb3 h5 24.Nxa5 h4 25.Nb7 Qd7 26.Nd6 Nxc5 27.Qxc5 Qxd6 28.Qxd6 Bxd6 
29.Bxd6 Rxd6 30.Rb8+ Rxb8 31.Rxb8+ 1/2-1/2

[Event "14th Africa-ch"]
[Site "Livingstone ZAM"]
[Date "2018.05.18"]
[Round "6.3"]
[White "Phiri, Richmond"]
[Black "El-Gindy, Essam"]
[Result "0-1"]
[WhiteElo "2317"]
[BlackElo "2453"]
[EventDate "2018.05.13"]
[PlyCount "78"]

1.d4 Nf6 2.c4 e6 3.g3 c5 4.Nf3 cxd4 5.Nxd4 d5 6.Bg2 e5 7.Nc2 d4 8.O-O Nc6 
9.Nd2 a5 10.Ne1 Bd6 11.Nd3 O-O 12.b3 Bf5 13.f3 Bg6 14.Nf2 Bb4 15.Bb2 Qb6 
16.Kh1 Rad8 17.Nde4 Nd7 18.Nd3 Be7 19.g4 Nc5 20.Nexc5 Bxc5 21.f4 exf4 22.
Nxf4 Nb4 23.Ba3 Nc2 24.Bxc5 Qxc5 25.Nxg6 Ne3 26.Qd3 hxg6 27.Rg1 b6 28.Bf3 
g5 29.a3 Rd6 30.Rg3 Re8 31.Kg1 g6 32.a4 Nc2 33.Rb1 Nb4 34.Qd2 d3+ 35.e3 
Rxe3 36.Kg2 Rde6 37.Qc3 Re2+ 38.Bxe2 Rxe2+ 39.Kh3 Nd5 0-1

[Event "14th Africa-ch"]
[Site "Livingstone ZAM"]
[Date "2018.05.18"]
[Round "6.4"]
[White "Oatlhotse, Providence"]
[Black "Hesham, Abdelrahman"]
[Result "0-1"]
[WhiteElo "2196"]
[BlackElo "2413"]
[EventDate "2018.05.13"]
[PlyCount "76"]

1.c4 e6 2.Nf3 d5 3.g3 Nf6 4.Bg2 d4 5.O-O c5 6.b4 cxb4 7.a3 Nc6 8.d3 h6 9.
Nbd2 Be7 10.axb4 Bxb4 11.Ne5 Bd7 12.Ndf3 O-O 13.Qb3 a5 14.Bb2 Bc5 15.Qb5 
Qe7 16.Nxd7 Nxd7 17.Nd2 Ra6 18.Nb3 Rb6 19.Qa4 Rb8 20.Rfb1 e5 21.Nxa5 Bb4 
22.Nxb7 R8xb7 23.Bxc6 Nc5 24.Bxb7 Nxa4 25.Be4 Qd7 26.Ba3 Bxa3 27.Rxb6 Nxb6
28.Rxa3 f5 29.Bf3 Na4 30.Rb3 Nc3 31.Rb7 Qa4 32.h4 e4 33.Bh5 Qc6 34.Rb8+ 
Kh7 35.Bf7 g5 36.h5 Kg7 37.Be8 Qc7 38.Rb2 e3 0-1

[Event "14th Africa-ch"]
[Site "Livingstone ZAM"]
[Date "2018.05.18"]
[Round "6.5"]
[White "Bwalya, Gillan"]
[Black "Simutowe, Musatwe"]
[Result "0-1"]
[WhiteElo "2271"]
[BlackElo "2201"]
[EventDate "2018.05.13"]
[PlyCount "102"]

1.e4 d5 2.exd5 Qxd5 3.Nc3 Qd6 4.d4 Nf6 5.Nf3 a6 6.Ne5 Nc6 7.Bf4 Nxd4 8.Bc4
Be6 9.Nxf7 Qxf4 10.Bxe6 Nxe6 11.Nxh8 Rd8 12.Qf3 Qd2+ 13.Kf1 Nd4 14.Qg3 Ne4
15.Qe3 Nxc2 16.Qxe4 Nxa1 17.g3 Qxb2 18.Qf3 Nc2 19.Kg2 Nd4 20.Qf7+ Kd7 21.
Qc4 e5 22.Nf7 Re8 23.Rb1 Qa3 24.Qd5+ Bd6 25.Rxb7 Qxc3 26.Nxd6 Qc6 27.Rxc7+
Kxc7 28.Qxc6+ Kxc6 29.Nxe8 Ne6 30.Kf3 Kd7 31.Ke4 Kxe8 32.Kxe5 Kd7 33.f4 
Nc5 34.f5 Nd3+ 35.Kd4 Nb4 36.a4 Kd6 37.g4 Nc6+ 38.Ke4 a5 39.g5 Nb8 40.Kd4 
Nd7 41.Kc4 Ke5 42.f6 gxf6 43.gxf6 Kxf6 44.Kb5 Kg5 45.Kxa5 Nc5 46.Kb5 Nxa4 
47.Kxa4 Kh4 48.Kb4 Kh3 49.Kc3 Kxh2 50.Kd3 h5 51.Ke3 Kg2 0-1

[Event "14th Africa-ch"]
[Site "Livingstone ZAM"]
[Date "2018.05.18"]
[Round "6.6"]
[White "Paiva, Donaldo"]
[Black "Dimba, James"]
[Result "1-0"]
[WhiteElo "2225"]
[BlackElo "2044"]
[EventDate "2018.05.13"]
[PlyCount "94"]

1.Nf3 Nf6 2.g3 g6 3.b3 Bg7 4.Bb2 d6 5.d4 b6 6.Bg2 Bb7 7.O-O Nbd7 8.c4 O-O 
9.Nc3 Ne4 10.Qd3 Nxc3 11.Bxc3 a5 12.d5 Nc5 13.Qc2 e5 14.a3 a4 15.b4 Nb3 
16.Rad1 f5 17.Nd2 Nxd2 18.Bxd2 f4 19.c5 Ba6 20.Qe4 Bh6 21.Bf3 Bb5 22.Rc1 
Ra7 23.Rc3 Bg5 24.g4 Qe8 25.Rfc1 Bd8 26.Kg2 Qe7 27.e3 g5 28.exf4 gxf4 29.
Bd1 Be8 30.f3 Bg6 31.Qe1 Qf7 32.cxd6 cxd6 33.Bc2 Qxd5 34.Qe2 Bxc2 35.R1xc2
Rg7 36.Rd3 Rxg4+ 37.Kf1 Qb7 38.Rxd6 Rg5 39.Qd3 Qb8 40.Rcc6 Be7 41.Rd7 Rd8 
42.Rxd8+ Qxd8 43.Qxd8+ Bxd8 44.Rc8 Kg7 45.Bc3 Bf6 46.Rc6 b5 47.Rb6 Kf7 1-0

[Event "14th Africa-ch"]
[Site "Livingstone ZAM"]
[Date "2018.05.18"]
[Round "6.7"]
[White "Fawzy, Adham"]
[Black "Mabusela, Johannes Manyesi"]
[Result "1/2-1/2"]
[WhiteElo "2438"]
[BlackElo "2260"]
[EventDate "2018.05.13"]
[PlyCount "120"]

1.e4 e6 2.d4 d5 3.Nc3 Nf6 4.e5 Nfd7 5.f4 c5 6.Nf3 Nc6 7.Be3 Be7 8.Qd2 O-O 
9.Be2 a6 10.dxc5 Nxc5 11.O-O b5 12.a3 Qc7 13.Nd4 Bb7 14.Rae1 Nd7 15.f5 
Nxd4 16.Bxd4 exf5 17.Rxf5 Bc5 18.Bf3 Bxd4+ 19.Qxd4 Qb6 20.Qxb6 Nxb6 21.e6 
fxe6 22.Rxf8+ Kxf8 23.Rxe6 Nc4 24.Nxd5 Rd8 25.Nb4 Bxf3 26.gxf3 Nxb2 27.
Rxa6 Rd2 28.Ra5 Nc4 29.Rxb5 Nxa3 30.Rc5 Kf7 31.Rc3 Rd4 32.Rc7+ Kg6 33.c3 
Rd2 34.c4 Nc2 35.Nxc2 Rxc2 36.c5 h5 37.c6 Kf6 38.Rc8 Kg5 39.c7 g6 40.Kf1 
Kh4 41.Rg8 Rxc7 42.Rxg6 Rc1+ 43.Ke2 Rc2+ 44.Ke3 Rxh2 45.f4 Rh1 46.Kf2 Ra1 
47.f5 Ra5 48.f6 Rf5+ 49.Ke3 Kh3 50.Ke4 Rf1 51.Ke5 h4 52.Rg5 Re1+ 53.Kd6 
Kh2 54.f7 Rf1 55.Ke6 Rxf7 56.Kxf7 h3 57.Kf6 Kh1 58.Kf5 h2 59.Kg4 Kg2 60.
Kf4+ Kf2 1/2-1/2

[Event "14th Africa-ch"]
[Site "Livingstone ZAM"]
[Date "2018.05.18"]
[Round "6.8"]
[White "Beukes, Dante M."]
[Black "Domingos, Catarino"]
[Result "0-1"]
[WhiteElo "1979"]
[BlackElo "2281"]
[EventDate "2018.05.13"]
[PlyCount "48"]

1.e4 d6 2.d4 Nd7 3.Nc3 c6 4.f4 e5 5.fxe5 dxe5 6.Nf3 exd4 7.Qxd4 Qb6 8.Bd2 
Qxd4 9.Nxd4 Ngf6 10.O-O-O Ng4 11.Bc4 Nde5 12.Bb3 Nf2 13.Rdf1 Nxh1 14.Bf4 
Bd6 15.Nf3 Nd3+ 16.cxd3 Bxf4+ 17.Kb1 O-O 18.d4 Bg4 19.Rxh1 Bxf3 20.gxf3 
Rad8 21.d5 Rfe8 22.Ba4 Rd6 23.dxc6 bxc6 24.Ne2 Bh6 0-1

[Event "14th Africa-ch"]
[Site "Livingstone ZAM"]
[Date "2018.05.18"]
[Round "6.9"]
[White "Talbi, Chafik"]
[Black "Khetho, Phemelo"]
[Result "1-0"]
[WhiteElo "2263"]
[BlackElo "2153"]
[EventDate "2018.05.13"]
[PlyCount "72"]

1.d4 f5 2.Nc3 d5 3.Bg5 c6 4.e3 Nf6 5.Bxf6 exf6 6.Bd3 Bd6 7.Qf3 g6 8.Nge2 
Na6 9.a3 Nc7 10.h4 Ne6 11.g3 h5 12.Nf4 Nxf4 13.gxf4 Be6 14.Rg1 Bf7 15.Rg2 
Qe7 16.Kd2 Qc7 17.Rag1 Rh6 18.Kc1 b5 19.Nb1 Rb8 20.Nd2 a5 21.Qe2 Qe7 22.
Nb1 Kf8 23.Qd2 Qc7 24.Kd1 b4 25.a4 c5 26.dxc5 Bxc5 27.b3 d4 28.e4 fxe4 29.
f5 e3 30.Qe2 gxf5 31.Bxf5 d3 32.cxd3 Qe5 33.fxe3 Rd8 34.d4 Bxd4 35.exd4 
Rxd4+ 36.Nd2 Qxf5 1-0

[Event "14th Africa-ch"]
[Site "Livingstone ZAM"]
[Date "2018.05.18"]
[Round "6.10"]
[White "Chiona, Richard"]
[Black "Oussedik, Mahfoud"]
[Result "0-1"]
[WhiteElo "1900"]
[BlackElo "2327"]
[EventDate "2018.05.13"]
[PlyCount "68"]

1.d4 Nf6 2.Nf3 g6 3.e3 Bg7 4.Bd3 c5 5.O-O b6 6.c3 Bb7 7.Nbd2 O-O 8.b4 d6 
9.Bb2 Nbd7 10.Qe2 Qc7 11.Rac1 Rae8 12.a3 Nh5 13.Ng5 e5 14.Bb5 exd4 15.cxd4
Bxg2 16.Qg4 Bxf1 17.Nxf1 Re7 18.Bd3 h6 19.Nh3 Ndf6 20.Qg2 Qd7 21.f3 cxb4 
22.axb4 Nd5 23.Be4 Nxb4 24.Ba3 a5 25.Bxb4 axb4 26.Rb1 d5 27.Bd3 Qd6 28.Qd2
Ra8 29.Rxb4 Ra1 30.Qb2 Rxe3 31.Qf2 Re6 32.Rb5 Ra4 33.Qc2 Rxd4 34.Rb1 Qc5 
0-1

[Event "14th Africa-ch"]
[Site "Livingstone ZAM"]
[Date "2018.05.18"]
[Round "6.11"]
[White "Manuel, Alberto"]
[Black "Zhemba, Jemusse"]
[Result "0-1"]
[WhiteElo "2133"]
[BlackElo "2123"]
[EventDate "2018.05.13"]
[PlyCount "80"]

1.e4 c5 2.Nf3 e6 3.d4 cxd4 4.Nxd4 a6 5.Nc3 Qc7 6.Bd3 Nc6 7.Nxc6 bxc6 8.O-O
Nf6 9.Bg5 Bd6 10.h3 h6 11.Bxf6 gxf6 12.Qh5 Be5 13.Nd1 c5 14.c3 Bb7 15.Ne3 
Bc6 16.Rad1 O-O-O 17.Qh4 Bh2+ 18.Kh1 Bf4 19.Ng4 Rdg8 20.Qxf6 h5 21.Ne3 Rh6
22.Qh4 Bg5 23.Qg3 Qxg3 24.fxg3 Bxe3 25.Rf3 Bg5 26.Rxf7 Bf6 27.Bc4 Be5 28.
Rdf1 Rxg3 29.Re7 Kd8 30.Rff7 Re3 31.Kg1 Bg3 32.Rxe6 dxe6 33.Bxe6 Re1+ 34.
Rf1 Rxe4 35.Bf7 Re2 36.Rd1+ Ke7 37.Bxh5 Rxg2+ 38.Kf1 Rf2+ 39.Kg1 Rxb2 40.
Rd3 Bh2+ 0-1

[Event "14th Africa-ch"]
[Site "Livingstone ZAM"]
[Date "2018.05.18"]
[Round "6.13"]
[White "Chumfwa, Kelvin"]
[Black "Aderito, Pedro"]
[Result "0-1"]
[WhiteElo "2279"]
[BlackElo "2305"]
[EventDate "2018.05.13"]
[PlyCount "121"]

1.d4 Nf6 2.Nf3 g6 3.g3 Bg7 4.Bg2 O-O 5.O-O d6 6.c4 a6 7.Nc3 Nc6 8.b3 Re8 
9.Bb2 Bd7 10.Re1 h6 11.Rc1 e5 12.d5 Ne7 13.e4 Rf8 14.c5 Ne8 15.b4 f5 16.
exf5 Nxf5 17.Ne4 Nf6 18.Nfd2 a5 19.Nxf6+ Bxf6 20.a3 axb4 21.axb4 Bg7 22.
Ne4 h5 23.Qb3 Bb5 24.Ra1 Rxa1 25.Rxa1 h4 26.Ra7 Qb8 27.Ra5 Be2 28.Ng5 b6 
29.cxb6 Qxb6 30.Ne6 hxg3 31.hxg3 Rb8 32.Ra4 Bf6 33.Be4 Bg4 34.Kg2 Ne7 35.
Bc1 Qb7 36.Ng5 Bd7 37.Ra2 Nf5 38.f3 Qxb4 39.Qc2 Qb3 40.Qf2 Qd1 41.Qc2 
Qxc2+ 42.Rxc2 Rc8 43.g4 Ne7 44.Nh3 c6 45.dxc6 Bxc6 46.Ba3 Bxe4 47.Rxc8+ 
Nxc8 48.fxe4 Be7 49.Nf2 Kf7 50.Nd1 Nb6 51.Nc3 Ke6 52.Bc1 Bh4 53.Be3 Be1 
54.Nb5 Nc4 55.Nc7+ Kd7 56.Nd5 Bd2 57.Nb6+ Nxb6 58.Bxb6 Ke6 59.Ba7 Bb4 60.
Be3 Bc5 61.Bc1 0-1

[Event "14th Africa-ch"]
[Site "Livingstone ZAM"]
[Date "2018.05.18"]
[Round "6.14"]
[White "Hoareau, Benjamin"]
[Black "Eichab, Charles"]
[Result "1-0"]
[WhiteElo "1805"]
[BlackElo "2029"]
[EventDate "2018.05.13"]
[PlyCount "73"]

1.c4 f5 2.Nc3 Nf6 3.Nf3 e6 4.g3 Be7 5.Bg2 O-O 6.d4 d6 7.O-O a5 8.Re1 Ne4 
9.Qb3 Nxc3 10.bxc3 a4 11.Qc2 Nc6 12.e4 e5 13.exf5 Bxf5 14.Qb2 exd4 15.Qxb7
Na5 16.Qd5+ Kh8 17.Nxd4 c6 18.Nxc6 Nxc6 19.Qxc6 Bf6 20.Re3 Qa5 21.Qb5 Qxb5
22.cxb5 Rab8 23.Bc6 Rfd8 24.Ba3 d5 25.Bc5 d4 26.cxd4 Bxd4 27.Bxd4 Rxd4 28.
Rae1 h6 29.Re8+ Rxe8 30.Rxe8+ Kh7 31.b6 Bh3 32.Re1 Rb4 33.b7 Bf5 34.h3 Rb2
35.g4 Bg6 36.Rd1 Bf7 37.Rd8 1-0

[Event "14th Africa-ch"]
[Site "Livingstone ZAM"]
[Date "2018.05.18"]
[Round "6.15"]
[White "Kolomwe, William"]
[Black "Pillay, Ragul"]
[Result "1-0"]
[WhiteElo "1538"]
[BlackElo "1366"]
[EventDate "2018.05.13"]
[PlyCount "77"]

1.e4 c5 2.Nf3 Nc6 3.c3 g6 4.d4 cxd4 5.cxd4 Bg7 6.Nc3 d6 7.Be2 Nf6 8.h3 O-O
9.O-O Bd7 10.Be3 Re8 11.Qd2 Qc7 12.Rac1 Qd8 13.e5 dxe5 14.dxe5 Nh5 15.g4 
Qc8 16.Nh2 Bxe5 17.gxh5 Rd8 18.Nd5 Qb8 19.Ng4 Bxg4 20.Bxg4 e6 21.hxg6 hxg6
22.Rxc6 Rxd5 23.Qc2 bxc6 24.Bf3 Ra5 25.Qxc6 Qxb2 26.Qxa8+ Kg7 27.Rd1 Rxa2 
28.Rd8 Qb1+ 29.Kg2 Qe1 30.Qe4 Bf6 31.Bh6+ Kxh6 32.Qxe1 Bxd8 33.Qb1 Ra5 34.
Qb8 Bb6 35.Qf8+ Kg5 36.Qxf7 Ra2 37.h4+ Kh6 38.Qxe6 Rxf2+ 39.Kg3 1-0

[Event "14th Africa-ch"]
[Site "Livingstone ZAM"]
[Date "2018.05.18"]
[Round "7.1"]
[White "Amin, Bassem"]
[Black "Chitumbo, Mwali"]
[Result "1-0"]
[WhiteElo "2667"]
[BlackElo "2322"]
[EventDate "2018.05.13"]
[PlyCount "114"]

1.e4 e5 2.Nc3 Nc6 3.g3 Nf6 4.Bg2 Bc5 5.d3 a6 6.Nf3 d6 7.O-O h6 8.Be3 O-O 
9.Bxc5 dxc5 10.Nd2 Be6 11.f4 Bg4 12.Qe1 Nd7 13.h3 Bh5 14.g4 Bg6 15.f5 Bh7 
16.Nd5 f6 17.h4 Nb6 18.Ne3 Kf7 19.Qf2 Ke8 20.Nd5 Qd6 21.a3 Bg8 22.Rad1 
Nxd5 23.exd5 Bxd5 24.Nc4 Qd7 25.Qxc5 Bxg2 26.Kxg2 Rd8 27.c3 Qd5+ 28.Qxd5 
Rxd5 29.Kf3 Kf7 30.Rg1 Ne7 31.Ke4 c6 32.Ne3 Rd7 33.g5 hxg5 34.hxg5 Rh8 35.
Rh1 Rxh1 36.Rxh1 Ng8 37.Ng4 Re7 38.g6+ Kf8 39.a4 Re8 40.a5 Rd8 41.Rh8 Ke7 
42.b4 Re8 43.Rh7 Kf8 44.Ne3 Nh6 45.Rh8+ Ke7 46.Rh7 Kf8 47.Nf1 Rd8 48.Ng3 
Rd7 49.Rh8+ Ng8 50.Ke3 Rd8 51.Ne4 Ke7 52.Rh7 Nh6 53.Rxg7+ Kf8 54.Rxb7 
Nxf5+ 55.Kd2 Ne7 56.Nc5 Re8 57.Nxa6 Nxg6 1-0

[Event "14th Africa-ch"]
[Site "Livingstone ZAM"]
[Date "2018.05.18"]
[Round "7.2"]
[White "Adly, Ahmed"]
[Black "El-Gindy, Essam"]
[Result "1-0"]
[WhiteElo "2633"]
[BlackElo "2453"]
[EventDate "2018.05.13"]
[PlyCount "84"]

1.d4 Nf6 2.g3 g6 3.Bg2 d5 4.c4 c6 5.Qa4 dxc4 6.Qxc4 Bg7 7.Nc3 O-O 8.e4 a5 
9.Nge2 b5 10.Qb3 e5 11.dxe5 Nfd7 12.f4 Nc5 13.Qc2 Nd3+ 14.Kf1 Nb4 15.Qb1 
g5 16.Be3 gxf4 17.gxf4 Ba6 18.Nd4 Nd3 19.Nf5 b4 20.Ne2 Kh8 21.Rg1 Rg8 22.
Qc2 c5 23.Rd1 Bf8 24.Bf3 Rg6 25.b3 Nc6 26.Rg3 Rc8 27.Qd2 Nd4 28.Nfxd4 cxd4
29.Bxd4 Bc5 30.Bxc5 Rxc5 31.Qe3 Rc2 32.Kg2 Rxa2 33.Rxg6 hxg6 34.f5 Qh4 35.
Rxd3 Bxd3 36.Qxd3 a4 37.Qb5 Qg5+ 38.Kf2 Qh4+ 39.Kg1 Qg5+ 40.Kf2 Qh4+ 41.
Kg1 Qg5+ 42.Kf2 gxf5 1-0

[Event "14th Africa-ch"]
[Site "Livingstone ZAM"]
[Date "2018.05.18"]
[Round "7.3"]
[White "Hesham, Abdelrahman"]
[Black "Paiva, Donaldo"]
[Result "1/2-1/2"]
[WhiteElo "2413"]
[BlackElo "2225"]
[EventDate "2018.05.13"]
[PlyCount "75"]

1.d4 Nf6 2.c4 e6 3.Nf3 Bb4+ 4.Nbd2 b6 5.a3 Bxd2+ 6.Qxd2 Bb7 7.e3 O-O 8.Be2
d6 9.O-O Nbd7 10.b4 Ne4 11.Qc2 f5 12.d5 e5 13.Ne1 Qh4 14.f3 Ng5 15.f4 Ne4 
16.Nf3 Qe7 17.Bb2 c6 18.Qb3 Kh8 19.Rad1 Rac8 20.Bd3 cxd5 21.cxd5 Nec5 22.
bxc5 Nxc5 23.Qb4 Nxd3 24.Rxd3 e4 25.Rd4 exf3 26.Rxf3 Rc5 27.Rg3 Rg8 28.e4 
a5 29.Qxb6 fxe4 30.Rxg7 Rxg7 31.Rxe4 Rc1+ 32.Bxc1 Rxg2+ 33.Kxg2 Qxe4+ 34.
Kf1 Qh1+ 35.Ke2 Qg2+ 36.Kd1 Qxd5+ 37.Bd2 Qh1+ 38.Be1 1/2-1/2

[Event "14th Africa-ch"]
[Site "Livingstone ZAM"]
[Date "2018.05.18"]
[Round "7.4"]
[White "Kayonde, Andrew"]
[Black "Simutowe, Musatwe"]
[Result "1-0"]
[WhiteElo "2394"]
[BlackElo "2201"]
[EventDate "2018.05.13"]
[PlyCount "69"]

1.d4 d5 2.c4 c6 3.Nc3 Nf6 4.e3 e6 5.Nf3 Nbd7 6.Bd3 dxc4 7.Bxc4 b5 8.Bd3 
Bb7 9.e4 b4 10.Na4 c5 11.e5 Nd5 12.O-O cxd4 13.Re1 g6 14.Bg5 Be7 15.Bh6 
Bf8 16.Qd2 Bxh6 17.Qxh6 Qe7 18.Nxd4 a6 19.Rac1 Qf8 20.Qd2 Qg7 21.Be4 O-O 
22.f4 Qh6 23.Bxd5 Bxd5 24.Nc6 Bxc6 25.Rxc6 Nb8 26.Rd6 a5 27.Rc1 Qh4 28.Nb6
Ra6 29.Rc7 h6 30.b3 h5 31.h3 g5 32.Rd8 Rxb6 33.Rxf8+ Kxf8 34.Qd8+ Kg7 35.
Qf6+ 1-0

[Event "14th Africa-ch"]
[Site "Livingstone ZAM"]
[Date "2018.05.18"]
[Round "7.6"]
[White "Zhemba, Jemusse"]
[Black "Fawzy, Adham"]
[Result "0-1"]
[WhiteElo "2123"]
[BlackElo "2438"]
[EventDate "2018.05.13"]
[PlyCount "102"]

1.d4 Nf6 2.Nf3 e6 3.e3 Be7 4.Bd3 d5 5.O-O c5 6.b3 Nbd7 7.Nbd2 b6 8.Bb2 Bb7
9.Ne5 O-O 10.f4 Ne4 11.Rf3 f5 12.Bxe4 Nxe5 13.fxe5 dxe4 14.Rh3 Qe8 15.Qe2 
Rd8 16.c3 cxd4 17.cxd4 Rc8 18.Nc4 Ba6 19.Kh1 g6 20.g4 Qc6 21.gxf5 Rxf5 22.
Rc1 Rcf8 23.Rg3 Rf2 24.Qh5 Rf1+ 25.Rg1 Rxc1 26.Bxc1 Rf1 27.Qh3 Rxg1+ 28.
Kxg1 b5 29.Ba3 bxc4 30.Bxe7 cxb3 31.axb3 Qc1+ 32.Kf2 Qd2+ 33.Kg3 Qxe3+ 34.
Kh4 Qf4+ 35.Qg4 Qxh2+ 36.Qh3 Qxh3+ 37.Kxh3 h6 38.Bc5 Bf1+ 39.Kg3 a6 40.Kf4
Bd3 41.Be7 Kf7 42.Bb4 g5+ 43.Ke3 Kg6 44.Bd2 Kf5 45.Kf2 h5 46.Be3 h4 47.Kg2
g4 48.Kh2 g3+ 49.Kg2 Kg4 50.d5 h3+ 51.Kg1 h2+ 0-1

[Event "14th Africa-ch"]
[Site "Livingstone ZAM"]
[Date "2018.05.18"]
[Round "7.7"]
[White "Oussedik, Mahfoud"]
[Black "Oatlhotse, Providence"]
[Result "1-0"]
[WhiteElo "2327"]
[BlackElo "2196"]
[EventDate "2018.05.13"]
[PlyCount "101"]

1.d4 Nf6 2.c4 e6 3.g3 c5 4.d5 exd5 5.cxd5 b5 6.Bg2 Bb7 7.e4 d6 8.f4 Be7 9.
Na3 a6 10.Nc2 O-O 11.Ne3 Nbd7 12.Nh3 Nb6 13.O-O Re8 14.Nf2 Bf8 15.b3 g6 
16.Bb2 Bg7 17.Rb1 Rc8 18.g4 h6 19.h4 Nfd7 20.Bxg7 Kxg7 21.g5 h5 22.Bf3 Rh8
23.Nh1 Qc7 24.Ng3 Rce8 25.Bxh5 gxh5 26.Qd2 Reg8 27.Kh2 Kf8 28.Nef5 Ke8 29.
Qc3 Kd8 30.Nh6 b4 31.Qa1 c4 32.bxc4 Ke8 33.Rbc1 Kf8 34.Nxh5 Qd8 35.Kh3 Bc8
36.Nxg8 Rxg8 37.Kg2 Qe7 38.Qd4 a5 39.Ng3 Nc5 40.e5 a4 41.Rce1 b3 42.axb3 
axb3 43.h5 Nba4 44.h6 dxe5 45.Rxe5 Qd7 46.Rf5 Qxf5 47.Nxf5 Bxf5 48.Qf6 
Be4+ 49.Kg1 Ke8 50.d6 Kd7 51.Qe7+ 1-0